| 000 | 00359nam a2200121Ia 4500 | ||
|---|---|---|---|
| 008 | 180309s9999 xx 000 0 und d | ||
| 020 | _a821737953 | ||
| 100 | _aSacket, Susan | ||
| 245 | 2 |
_aA taste of passion : _bShe'd give him hre passion, but never her heart |
|
| 260 |
_aUSA : _b1992 _cZebra books |
||
| 300 | _a448 pages | ||
| 650 | _aFICTION Romance Erotica | ||
| 999 |
_c356144 _d356144 |
||